Words That End With "que" - Statistics

General Stats
  • This quiz has been taken 124 times
  • The average score is 9 of 14
Answer Stats
Hint Answer % Correct
A small store, typically focused on clothing and fashion Boutique
94%
A Muslim place of worship Mosque
94%
Unlike anything else Unique
92%
An object that is of high value due to its considerable age Antique
91%
An outside grill with the neighbors, also a sauce Barbeque
85%
Not able to be seen through; not being translucent or transparent Opaque
84%
One's body form and shape Physique
77%
Neither parallel nor at a right angle to a specified or implied line; slanting, also an abdominal muscle Oblique
67%
Comically or repulsively ugly or distorted Grotesque
60%
A detailed analysis and assessment of something Critique
47%
A medium-sized monkey Macaque
42%
A way of executing a particular task Technique
35%
Visually attractive, especially in a quaint or pretty style Picturesque
15%
A tribal leader, typically in the Bahamas and Greater Antilles Cazique
6%
No matching quizzes found
Score Distribution
Percent of People with Each Score
Percentile by Number Answered
Your Score History
You have not taken this quiz